[Event "HUN-chT2 Szechenyi 0506"]
[Site "Hungary"]
[Date "2005.11.27"]
[Round "4"]
[White "Lendvai, Edit"]
[Black "Szobi, Tibor"]
[Result "1/2-1/2"]
[WhiteElo "2146"]
[BlackElo "2147"]
[PlyCount "188"]
[EventDate "2005.10.16"]
[EventType "team-tourn"]
[EventRounds "11"]
[EventCountry "HUN"]
[SourceTitle "EXT 2009"]
[Source "ChessBase"]
[SourceDate "2008.11.26"]
[SourceVersion "1"]
[SourceVersionDate "2008.11.26"]
[SourceQuality "1"]
[WhiteTeam "Arboretum"]
[BlackTeam "Sarvar"]
[WhiteTeamCountry "HUN"]
[BlackTeamCountry "HUN"]

1. e4 e5 2. Nf3 Nc6 3. Bc4 Be7 4. 0-0 Nf6 5. Nc3 0-0 6. d3 d6 7. h3 Be6 8. Bb3 Bxb3 9. axb3 d5 10. exd5 Nxd5 11. Re1 Bf6 12. Ne4 Be7 13. Nc3 f6 14. Bd2 a6 15. Nxd5 Qxd5 16. Bc3 Rad8 17. Qe2 Bc5 18. Rad1 Rfe8 19. Nd2 Nd4 20. Bxd4 Bxd4 21. Nf3 Bb6 22. Qe4 c6 23. Re2 Qf7 24. Rde1 Rf8 25. Qb4 Qc7 26. Qh4 g6 27. Kh1 Rd7 28. Qg3 Qd8 29. Qg4 Bd4 30. Nxd4 Rxd4 31. Qg3 Kg7 32. Re4 c5 33. f4 exf4 34. Qxf4 Rd7 35. Re6 Rff7 36. Re8 Qc7 37. Qe3 Qd6 38. Re6 Qd5 39. Qf4 g5 40. Qe4 Qxe4 41. R1xe4 h5 42. Kg1 Kg6 43. Kf2 h4 44. Ke3 Rd5 45. Kd2 Rf5 46. Kc3 Rf2 47. Re2 Rf4 48. R6e4 Kf5 49. Kc4 Rxe4+ 50. dxe4+ Ke5 51. Kxc5 Rd7 52. Kb6 Rg7 53. c4 Kd4 54. c5 Re7 55. Rc2 Ke3 56. b4 Kd3 57. Rf2 Kc4 58. Rxf6 Kxb4 59. Rf5 a5 60. Rxg5 a4 61. e5 Re6+ 62. Kxb7 Kxc5 63. Rg4 Kb5 64. Re4 Re7+ 65. Kc8 Kc6 66. Kd8 Rb7 67. Rxa4 Rxb2 68. Rxh4 Kd5 69. g4 Kxe5 70. Rh5+ Ke6 71. Rh6+ Kf7 72. Kd7 Rd2+ 73. Rd6 Rh2 74. Rd3 Kg6 75. Re3 Kf6 76. Rf3+ Kg7 77. Ke6 Kg6 78. Ke5 Kg5 79. Ke4 Re2+ 80. Re3 Rf2 81. Ra3 Rh2 82. Ra5+ Kg6 83. Rh5 Rf2 84. h4 Rf1 85. Ra5 Re1+ 86. Kf3 Rf1+ 87. Kg2 Rb1 88. Ra6+ Kg7 89. g5 Rb3 90. Rf6 Ra3 91. Rf5 Ra4 92. Kg3 Kg6 93. Rf6+ Kg7 94. h5 Ra5 1/2-1/2

[Event "HUN-chT2 Szechenyi 0506"]
[Site "Hungary"]
[Date "2005.10.30"]
[Round "2"]
[White "Soos, Lajos"]
[Black "Szobi, Tibor"]
[Result "0-1"]
[WhiteElo "2058"]
[BlackElo "2147"]
[PlyCount "143"]
[EventDate "2005.10.16"]
[EventType "team-tourn"]
[EventRounds "11"]
[EventCountry "HUN"]
[SourceTitle "EXT 2009"]
[Source "ChessBase"]
[SourceDate "2008.11.26"]
[SourceVersion "1"]
[SourceVersionDate "2008.11.26"]
[SourceQuality "1"]
[WhiteTeam "Lenti"]
[BlackTeam "Sarvar"]
[WhiteTeamCountry "HUN"]
[BlackTeamCountry "HUN"]

1. e4 e5 2. Nc3 Nf6 3. Bc4 Bc5 4. Nf3 Nc6 5. 0-0 0-0 6. d3 d6 7. h3 Be6 8. Bxe6 fxe6 9. Na4 Bb6 10. Nxb6 axb6 11. Bg5 Qe8 12. c3 Qg6 13. Qd2 h6 14. Bxf6 Rxf6 15. Nh2 Raf8 16. Rae1 Qf7 17. Re3 Kh7 18. d4 exd4 19. cxd4 e5 20. d5 Nd4 21. f3 c6 22. dxc6 bxc6 23. a3 h5 24. Rd1 Rg6 25. Kh1 b5 26. Qf2 Qe7 27. Nf1 Ne6 28. Nd2 Nf4 29. Rg1 h4 30. Nf1 Nh5 31. Rc3 d5 32. exd5 cxd5 33. Qc2 e4 34. fxe4 Qxe4 35. Qxe4 dxe4 36. Rc5 Kh6 37. Rxb5 Re8 38. Ne3 Ng3+ 39. Kh2 Kh7 40. Re1 Rf6 41. a4 Rd8 42. Kg1 Rd2 43. Nf1 Re2 44. Rb1 Rff2 45. Ne3 Rd2 46. a5 Rfe2 47. Rb3 Rd3 48. Rxd3 exd3 49. Nd1 d2 50. a6 Ne4 51. g4 Ng5 52. Kf1 Re1+ 53. Kg2 Ne6 54. a7 Nc7 55. b4 Na8 56. b5 Re7 57. b6 Rb7 58. Kf2 Kg6 59. Ke3 Kg5 60. Rb5+ Kf6 61. Kxd2 Ke6 62. Ke3 Kd6 63. Kf4 Kc6 64. Nc3 Rf7+ 65. Rf5 Rd7 66. Kg5 Nxb6 67. Kxh4 Rxa7 68. Ne4 Re7 69. Rc5+ Kd7 70. Ng5 Kd6 71. Rf5 Nd5 72. Kh5 0-1

[Event "HUN-chT2 Szechenyi 0405"]
[Site "Hungary"]
[Date "2005.04.10"]
[Round "10"]
[White "Szobi, Tibor"]
[Black "Bende, Ede"]
[Result "1/2-1/2"]
[WhiteElo "2171"]
[BlackElo "2192"]
[PlyCount "155"]
[EventDate "2004.09.26"]
[EventType "team-tourn"]
[EventRounds "11"]
[EventCountry "HUN"]
[SourceTitle "EXT 2009"]
[Source "ChessBase"]
[SourceDate "2008.11.26"]
[SourceVersion "1"]
[SourceVersionDate "2008.11.26"]
[SourceQuality "1"]
[WhiteTeam "Sarvar"]
[BlackTeam "Gyor Vizugy"]
[WhiteTeamCountry "HUN"]
[BlackTeamCountry "HUN"]

1. e4 e6 2. Nf3 d5 3. Nc3 dxe4 4. Nxe4 Nf6 5. Nxf6+ Qxf6 6. d4 h6 7. Be3 Bd6 8. Be2 Nd7 9. Qd3 b6 10. Qe4 Rb8 11. Bb5 Qf5 12. Qxf5 exf5 13. 0-0-0 0-0 14. Nh4 f4 15. Bd2 Nf6 16. Bc6 Ng4 17. Be1 Be7 18. Nf3 Rd8 19. h3 Rd6 20. d5 Nf6 21. Bb4 Rxc6 22. Bxe7 Rc4 23. Ne5 Re4 24. Bxf6 gxf6 25. Nc6 Ra8 26. Rhe1 f5 27. f3 Re3 28. Kd2 Ba6 29. Ne7+ Kf8 30. Nxf5 Rxe1 31. Rxe1 Rd8 32. Kc1 Rxd5 33. Nxh6 f5 34. Re6 Kg7 35. Rc6 Bf1 36. c4 Re5 37. h4 Bxg2 38. h5 Bxf3 39. Rg6+ Kh7 40. Rf6 Bxh5 41. Nxf5 Re1+ 42. Kd2 Re2+ 43. Kc3 Bg6 44. Nh4 Re3+ 45. Kd2 Bb1 46. Rxf4 Rh3 47. Nf3 Kg6 48. a3 a5 49. Ne5+ Kg5 50. Rf7 c5 51. Rf1 Bf5 52. Kc1 Re3 53. Nf7+ Kg6 54. Nd6 Bd7 55. Rf7 Ba4 56. Rf1 Re6 57. Nc8 Bd7 58. Na7 Re4 59. b3 a4 60. Rd1 Be6 61. Rd6 axb3 62. Rxb6 Rxc4+ 63. Kb1 Re4 64. Nb5 Kf6 65. Nc7 c4 66. Rc6 Re1+ 67. Kb2 Re2+ 68. Kc3 Re3+ 69. Kd2 b2 70. Kc2 Re2+ 71. Kb1 c3 72. Nd5+ Kf7 73. Rxe6 Rxe6 74. Nxc3 Rb6 75. a4 Ke6 76. Nd1 Kd5 77. Nxb2 Kd4 78. Kc2 1/2-1/2

[Event "HUN-chT2 Szechenyi 0405"]
[Site "Hungary"]
[Date "2005.02.06"]
[Round "7"]
[White "Palko, Gabriella"]
[Black "Szobi, Tibor"]
[Result "1/2-1/2"]
[WhiteElo "2086"]
[BlackElo "2171"]
[PlyCount "120"]
[EventDate "2004.09.26"]
[EventType "team-tourn"]
[EventRounds "11"]
[EventCountry "HUN"]
[SourceTitle "EXT 2009"]
[Source "ChessBase"]
[SourceDate "2008.11.26"]
[SourceVersion "1"]
[SourceVersionDate "2008.11.26"]
[SourceQuality "1"]
[WhiteTeam "Arboretum"]
[BlackTeam "Sarvar"]
[WhiteTeamCountry "HUN"]
[BlackTeamCountry "HUN"]

1. d4 Nf6 2. c4 e6 3. Nf3 b6 4. Nc3 Bb7 5. e3 d5 6. Bd3 Nbd7 7. 0-0 Be7 8. Re1 0-0 9. Qe2 c5 10. cxd5 exd5 11. a3 Re8 12. b3 Ne4 13. Bb2 f5 14. Ne5 Nxe5 15. dxe5 Qc7 16. Nb5 Qd7 17. f3 Ng5 18. h4 Nf7 19. Qf2 Bd8 20. Qg3 g6 21. h5 g5 22. Rad1 a6 23. Nd6 Nxd6 24. exd6 Kf7 25. Qh3 Bc8 26. Bc2 Qxd6 27. Bxf5 Bf6 28. Bxf6 Kxf6 29. Bxc8 Raxc8 30. e4 Qe6 31. Qxe6+ Rxe6 32. Rxd5 h6 33. Red1 Rcc6 34. Rd8 Ke5 35. R1d5+ Kf6 36. Rh8 Kg7 37. Rdd8 b5 38. Rhg8+ Kf6 39. Rgf8+ Kg7 40. Rf5 c4 41. Rd7+ Kg8 42. bxc4 bxc4 43. Rd1 c3 44. Rc1 c2 45. Kf2 Rc3 46. Ke2 Rec6 47. a4 Kg7 48. Kd2 R3c4 49. a5 Rd4+ 50. Ke2 Ra4 51. Rd5 g4 52. Kd2 gxf3 53. gxf3 Ra3 54. Rxc2 Rxc2+ 55. Kxc2 Rxf3 56. Rd6 Re3 57. Re6 Rh3 58. Rxa6 Rxh5 59. Kd3 Rh1 60. Ke3 h5 1/2-1/2

[Event "HUN-chT2 Szechenyi 0405"]
[Site "Hungary"]
[Date "2005.01.23"]
[Round "6"]
[White "Szobi, Tibor"]
[Black "Nagy, Bence"]
[Result "0-1"]
[WhiteElo "2171"]
[BlackElo "2322"]
[PlyCount "102"]
[EventDate "2004.09.26"]
[EventType "team-tourn"]
[EventRounds "11"]
[EventCountry "HUN"]
[SourceTitle "EXT 2009"]
[Source "ChessBase"]
[SourceDate "2008.11.26"]
[SourceVersion "1"]
[SourceVersionDate "2008.11.26"]
[SourceQuality "1"]
[WhiteTeam "Sarvar"]
[BlackTeam "Lovo"]
[WhiteTeamCountry "HUN"]
[BlackTeamCountry "HUN"]

1. e4 c5 2. Nf3 e6 3. d4 cxd4 4. Nxd4 Nc6 5. Nxc6 bxc6 6. c4 Bc5 7. Nc3 Qf6 8. Qc2 Ne7 9. Bd3 Ng6 10. 0-0 d6 11. Kh1 e5 12. Be3 Nf4 13. Bxc5 dxc5 14. f3 0-0 15. Ne2 Ne6 16. Rae1 Rd8 17. Qc3 Qg5 18. Bb1 Ba6 19. b3 Rd7 20. Rd1 Rad8 21. Bc2 Rd2 22. f4 Nxf4 23. Nxf4 Qxf4 24. Qxd2 Qxd2 25. Rxd2 Rxd2 26. Rd1 Rxd1+ 27. Bxd1 Bc8 28. Kg1 g6 29. Kf2 Kg7 30. Ke3 Kf6 31. g3 Bh3 32. Be2 Kg5 33. a3 a5 34. Bf3 h5 35. Kd2 h4 36. Kc3 Bg4 37. Bg2 h3 38. Bf1 f5 39. exf5 gxf5 40. Kd2 f4 41. gxf4+ Kxf4 42. Bd3 e4 43. Bc2 Bf3 44. Bb1 e3+ 45. Ke1 Be4 46. Ba2 Bc2 47. Ke2 Ke4 48. Kf1 Kd3 49. Ke1 e2 50. b4 cxb4 51. axb4 axb4 0-1

[Event "HUN-chT2 Szechenyi 0405"]
[Site "Hungary"]
[Date "2004.10.10"]
[Round "2"]
[White "Oltean, Gusztav"]
[Black "Szobi, Tibor"]
[Result "0-1"]
[WhiteElo "2172"]
[BlackElo "2171"]
[PlyCount "54"]
[EventDate "2004.09.26"]
[EventType "team-tourn"]
[EventRounds "11"]
[EventCountry "HUN"]
[SourceTitle "EXT 2009"]
[Source "ChessBase"]
[SourceDate "2008.11.26"]
[SourceVersion "1"]
[SourceVersionDate "2008.11.26"]
[SourceQuality "1"]
[WhiteTeam "Veszprem"]
[BlackTeam "Sarvar"]
[WhiteTeamCountry "HUN"]
[BlackTeamCountry "HUN"]

1. Nf3 f5 2. g3 Nf6 3. Bg2 Nc6 4. c4 e5 5. 0-0 Be7 6. Nc3 0-0 7. Nd5 d6 8. Nxe7+ Qxe7 9. d3 e4 10. Ne1 Be6 11. Rb1 d5 12. b3 Rad8 13. Qc2 Nb4 14. Qb2 c5 15. Be3 Nc6 16. cxd5 Nxd5 17. dxe4 Nxe3 18. fxe3 fxe4 19. Rxf8+ Rxf8 20. Bxe4 Bh3 21. Bd5+ Kh8 22. Ng2 Bxg2 23. Kxg2 Qxe3 24. Rf1 Rxf1 25. Kxf1 Ne5 26. Qc2 Ng4 27. Qf5 Qc1+ 0-1

[Event "HUN-chT2 Szechenyi 0304"]
[Site "Hungary"]
[Date "2003.12.07"]
[Round "5"]
[White "Csaba, Arpad"]
[Black "Szobi, Tibor"]
[Result "1/2-1/2"]
[WhiteElo "2215"]
[BlackElo "2153"]
[PlyCount "129"]
[EventDate "2003.09.28"]
[EventType "team-tourn"]
[EventRounds "11"]
[EventCountry "HUN"]
[SourceTitle "EXT 2009"]
[Source "ChessBase"]
[SourceDate "2008.11.26"]
[SourceVersion "1"]
[SourceVersionDate "2008.11.26"]
[SourceQuality "1"]
[WhiteTeam "Ajka Banyasz"]
[BlackTeam "Sarvar"]
[WhiteTeamCountry "HUN"]
[BlackTeamCountry "HUN"]

1. Nf3 Nf6 2. d4 e6 3. Bg5 Be7 4. e3 b6 5. Bd3 Bb7 6. Nbd2 d5 7. Ne5 0-0 8. 0-0 Nbd7 9. Ndf3 c5 10. c3 c4 11. Bc2 h6 12. Bh4 Nxe5 13. Nxe5 Nd7 14. Bxe7 Qxe7 15. f4 b5 16. a3 a5 17. Qf3 Nxe5 18. fxe5 f5 19. exf6 Rxf6 20. Qg3 Raf8 21. Rf4 Rxf4 22. exf4 Qf6 23. Rf1 Bc8 24. Rf3 Bd7 25. Qg6 Qxg6 26. Bxg6 Rf6 27. Bh5 g6 28. Bg4 Kf7 29. Kf2 Ke7 30. Ke3 Rf8 31. h4 h5 32. Bh3 Kf6 33. g4 hxg4 34. Bxg4 Rh8 35. Rh3 Be8 36. Bd1 Bf7 37. Bg4 b4 38. axb4 axb4 39. Kd2 bxc3+ 40. bxc3 Ra8 41. Re3 Ra2+ 42. Ke1 Rg2 43. Bh3 Rh2 44. Kf1 Ra2 45. Re5 Ra3 46. Re3 Ra6 47. Kf2 Be8 48. Re5 Ba4 49. h5 Bc2 50. hxg6 Bxg6 51. Ke3 Be4 52. Bg4 Rb6 53. Bh3 Bg6 54. f5 exf5 55. Rxd5 Rb3 56. Kf4 Rxc3 57. Rd6+ Ke7 58. Rxg6 Rxh3 59. Rc6 c3 60. Kxf5 Kd7 61. Rc4 Kd6 62. Ke4 Rg3 63. Rc8 Rh3 64. d5 Rh4+ 65. Kd3 1/2-1/2

[Event "HUN-chT2 Szechenyi 0304"]
[Site "Hungary"]
[Date "2003.11.16"]
[Round "3"]
[White "Kiss, Judit"]
[Black "Szobi, Tibor"]
[Result "1-0"]
[WhiteElo "2142"]
[BlackElo "2153"]
[PlyCount "75"]
[EventDate "2003.09.28"]
[EventType "team-tourn"]
[EventRounds "11"]
[EventCountry "HUN"]
[SourceTitle "EXT 2009"]
[Source "ChessBase"]
[SourceDate "2008.11.26"]
[SourceVersion "1"]
[SourceVersionDate "2008.11.26"]
[SourceQuality "1"]
[WhiteTeam "Nagykanizsa II"]
[BlackTeam "Sarvar"]
[WhiteTeamCountry "HUN"]
[BlackTeamCountry "HUN"]

1. e4 e6 2. d4 d5 3. e5 c5 4. c3 Nc6 5. Nf3 Nge7 6. Bd3 cxd4 7. cxd4 Nf5 8. Bxf5 exf5 9. a3 h6 10. h4 Be6 11. Nc3 Be7 12. Be3 Qd7 13. b4 Rc8 14. Rc1 0-0 15. 0-0 f6 16. exf6 Bxf6 17. Qd2 Qf7 18. Rfe1 Rcd8 19. Bf4 Bc8 20. Nb5 Qh5 21. Nd6 Bxh4 22. Nxh4 Qxh4 23. b5 Ne7 24. g3 Qf6 25. Be5 Qg6 26. Rc7 Rd7 27. Qc3 Rxc7 28. Qxc7 Qe6 29. Re3 f4 30. Bxf4 Qg4 31. f3 Qg6 32. Qxe7 Bh3 33. Kh2 Bf1 34. Qe6+ Qxe6 35. Rxe6 g5 36. Be5 Bd3 37. f4 gxf4 38. gxf4 1-0

[Event "HUN-chT2 Szechenyi 0203"]
[Site "Hungary"]
[Date "2003.03.02"]
[Round "8"]
[White "Szobi, Tibor"]
[Black "Horvath, Gabor"]
[Result "1-0"]
[WhiteElo "2162"]
[BlackElo "2088"]
[PlyCount "71"]
[EventDate "2002.09.22"]
[EventType "team-tourn"]
[EventRounds "11"]
[EventCountry "HUN"]
[SourceTitle "EXT 2009"]
[Source "ChessBase"]
[SourceDate "2008.11.26"]
[SourceVersion "1"]
[SourceVersionDate "2008.11.26"]
[SourceQuality "1"]

1. e4 e5 2. Nf3 Nf6 3. Nc3 Bb4 4. Bc4 Nc6 5. Nd5 Be7 6. d3 d6 7. 0-0 0-0 8. h3 Na5 9. Bb3 Nxb3 10. axb3 Nxd5 11. exd5 Bd7 12. d4 Bf6 13. dxe5 Bxe5 14. Nxe5 dxe5 15. Qe2 Re8 16. Be3 b6 17. b4 c6 18. Rfd1 cxd5 19. Rxd5 Qc7 20. Ra3 Be6 21. Rd1 Red8 22. Rda1 f6 23. b3 Bf5 24. c4 Rd7 25. Qf3 Qc8 26. Bxb6 Rd3 27. Be3 e4 28. Qe2 Qb7 29. b5 Qd7 30. b6 a6 31. Rxa6 Rxa6 32. Rxa6 Qc6 33. Ra7 Bc8 34. Rc7 Qa8 35. Qh5 Rd7 36. Qe8# 1-0

[Event "HUN-chT3 0102"]
[Site "Hungary"]
[Date "2002.02.10"]
[Round "7.3"]
[White "Szobi, Tibor"]
[Black "Zalan, Janos"]
[Result "0-1"]
[WhiteElo "2162"]
[BlackElo "2160"]
[PlyCount "76"]
[EventDate "2001.09.30"]
[EventType "team-tourn"]
[EventRounds "11"]
[EventCountry "HUN"]
[SourceTitle "EXT 2004"]
[Source "ChessBase"]
[SourceDate "2003.11.25"]
[SourceVersion "1"]
[SourceVersionDate "2003.11.25"]
[SourceQuality "1"]

1. Nf3 Nf6 2. c4 g6 3. Nc3 Bg7 4. e4 d6 5. d4 0-0 6. h3 Nbd7 7. Be3 e5 8. d5 b6 9. Bd3 Nc5 10. Bc2 a5 11. Qd2 Bd7 12. Bh6 Ne8 13. Bxg7 Kxg7 14. g4 Nf6 15. 0-0-0 h6 16. g5 hxg5 17. Nxg5 Nh5 18. h4 Qf6 19. Ne2 Na6 20. a3 Nc5 21. Rdf1 Ba4 22. Bxa4 Nxa4 23. f4 Nc5 24. Qe3 exf4 25. Qf3 Qe5 26. Rhg1 Rae8 27. Nc3 Nb3+ 28. Kc2 Nd4+ 29. Kd3 Nxf3 30. Nxf3 Qe7 31. Re1 Nf6 32. Nd4 Kh7 33. Rgf1 Nh5 34. Nf3 Qd7 35. e5 Qf5+ 36. Kd4 dxe5+ 37. Rxe5 Rxe5 38. Nxe5 Re8 0-1

[Event "HUN-chT3 0102"]
[Site "Hungary"]
[Date "2002.01.27"]
[Round "6.3"]
[White "Elo, Istvan"]
[Black "Szobi, Tibor"]
[Result "1-0"]
[WhiteElo "2108"]
[BlackElo "2162"]
[PlyCount "107"]
[EventDate "2001.09.30"]
[EventType "team-tourn"]
[EventRounds "11"]
[EventCountry "HUN"]
[SourceTitle "EXT 2004"]
[Source "ChessBase"]
[SourceDate "2003.11.25"]
[SourceVersion "1"]
[SourceVersionDate "2003.11.25"]
[SourceQuality "1"]

1. e4 e5 2. Nf3 Nc6 3. d4 exd4 4. Nxd4 d5 5. Nxc6 bxc6 6. exd5 Qxd5 7. Nc3 Bb4 8. Bd2 Qe6+ 9. Qe2 Nf6 10. Qxe6+ Bxe6 11. Bd3 Nd5 12. Ne4 Bxd2+ 13. Kxd2 Nf4 14. Nc5 0-0-0 15. Nxe6 fxe6 16. g3 Nxd3 17. cxd3 Rhf8 18. f4 Rf5 19. Rhe1 Rfd5 20. Re3 R8d6 21. Rc1 Rb5 22. b3 Kd7 23. Rc4 Rbd5 24. Kc3 a5 25. d4 Rf5 26. Re5 Rd5 27. Rc5 Rxc5+ 28. Rxc5 Rf6 29. Rxa5 Kc8 30. Rg5 g6 31. Kd3 h6 32. Rc5 Kb7 33. Ke4 Rf8 34. Ke5 g5 35. fxg5 hxg5 36. Rc2 Rd8 37. Kxe6 Rxd4 38. Kf5 g4 39. Rf2 Kb6 40. Rf4 Rd2 41. Ra4 Rxh2 42. Kxg4 Kc5 43. Kg5 Kd5 44. g4 c5 45. Kg6 Rh4 46. Kf5 Rh8 47. g5 Rf8+ 48. Kg6 Rf2 49. Kg7 Rg2 50. g6 c6 51. Kf7 Rf2+ 52. Kg8 Ke6 53. g7 Ke7 54. Rh4 1-0

[Event "HUN-chT3 0001"]
[Site "Hungary"]
[Date "2001.04.08"]
[Round "10.3"]
[White "Laczo, Geza"]
[Black "Szobi, Tibor"]
[Result "1-0"]
[WhiteElo "2230"]
[BlackElo "2162"]
[PlyCount "49"]
[EventDate "2000.10.29"]
[EventType "team-tourn"]
[EventRounds "11"]
[EventCountry "HUN"]
[SourceTitle "EXT 2007"]
[Source "ChessBase"]
[SourceDate "2006.11.23"]
[SourceVersion "1"]
[SourceVersionDate "2006.11.23"]
[SourceQuality "1"]

1. e4 e5 2. Nf3 Nc6 3. d4 exd4 4. c3 d3 5. Bxd3 d6 6. h3 Be7 7. 0-0 Nf6 8. Bf4 Be6 9. Nbd2 h6 10. Nd4 Nxd4 11. cxd4 d5 12. e5 Nd7 13. Be3 c5 14. f4 cxd4 15. Bxd4 Bc5 16. Bxc5 Nxc5 17. Bb5+ Bd7 18. Bxd7+ Qxd7 19. f5 Qa4 20. Nb3 Nxb3 21. axb3 Qe4 22. Qd2 Rc8 23. Rf2 0-0 24. Re1 Rc2 25. Qd1 1-0

[Event "HUN-chT3 0001"]
[Site "Hungary"]
[Date "2000.11.12"]
[Round "2.2"]
[White "Nagy, Zoltan"]
[Black "Szobi, Tibor"]
[Result "1-0"]
[WhiteElo "2233"]
[BlackElo "2162"]
[PlyCount "99"]
[EventDate "2000.10.29"]
[EventType "team-tourn"]
[EventRounds "11"]
[EventCountry "HUN"]
[SourceTitle "EXT 2007"]
[Source "ChessBase"]
[SourceDate "2006.11.23"]
[SourceVersion "1"]
[SourceVersionDate "2006.11.23"]
[SourceQuality "1"]

1. e4 e5 2. Nf3 Nc6 3. Bc4 Be7 4. 0-0 Nf6 5. d3 0-0 6. Bb3 d5 7. exd5 Nxd5 8. h3 Bf6 9. Re1 Re8 10. Nbd2 Bf5 11. Ne4 Bxe4 12. Rxe4 Qd6 13. Qe2 Re7 14. g3 Rae8 15. c3 g6 16. Bd2 Bg7 17. Re1 h6 18. Rh4 h5 19. Qe4 Rd7 20. d4 f5 21. Qe2 Kf8 22. c4 e4 23. cxd5 Nxd4 24. Nxd4 Bxd4 25. Be3 Bf6 26. Ba4 Bxh4 27. Bxd7 Qxd7 28. gxh4 Qxd5 29. b3 a6 30. Rd1 Qe6 31. Qb2 Kf7 32. Qd4 c6 33. Bg5 b5 34. Qd7+ Qxd7 35. Rxd7+ Ke6 36. Ra7 Kd5 37. Rxa6 Re6 38. a4 bxa4 39. Rxa4 Kc5 40. Kf1 Kb5 41. Rd4 c5 42. Rc4 Rd6 43. Be3 Rd5 44. Kg2 Rd3 45. Rxc5+ Kb4 46. Rc6 Kxb3 47. Kg3 Rd1 48. Kg2 Rd7 49. Rxg6 Kc2 50. Kg3 1-0

[Event "HUN-chT3 0001"]
[Site "Hungary"]
[Date "2000.10.29"]
[Round "1.2"]
[White "Szobi, Tibor"]
[Black "Forgacs, Attila"]
[Result "0-1"]
[WhiteElo "2162"]
[BlackElo "2135"]
[PlyCount "66"]
[EventDate "2000.10.29"]
[EventType "team-tourn"]
[EventRounds "11"]
[EventCountry "HUN"]
[SourceTitle "EXT 2007"]
[Source "ChessBase"]
[SourceDate "2006.11.23"]
[SourceVersion "1"]
[SourceVersionDate "2006.11.23"]
[SourceQuality "1"]

1. e4 c5 2. Nf3 d6 3. Be2 Nf6 4. d3 g6 5. 0-0 Bg7 6. Nc3 Nc6 7. Bg5 0-0 8. Qd2 Re8 9. h3 a6 10. Rae1 Be6 11. Bh6 Bh8 12. Ng5 Bd7 13. f4 e5 14. fxe5 Nxe5 15. d4 cxd4 16. Qxd4 Nfg4 17. Qd2 Nxh6 18. Nf3 Nxf3+ 19. Rxf3 Bg7 20. g4 Qb6+ 21. Kg2 Bc6 22. Nd5 Bxd5 23. Qxd5 Qb4 24. c3 Qxe4 25. Qxe4 Rxe4 26. Rd3 Rae8 27. Kf3 f5 28. Rxd6 fxg4+ 29. hxg4 Re3+ 30. Kf2 Nxg4+ 31. Kf1 Rf8+ 32. Kg1 Rg3+ 33. Kh1 Be5 0-1

[Event "HUN-chT3 9900"]
[Site "Hungary"]
[Date "2000.02.13"]
[Round "7"]
[White "Szelenyi, Norbert"]
[Black "Szobi, Tibor"]
[Result "1-0"]
[WhiteElo "2370"]
[BlackElo "2162"]
[PlyCount "89"]
[EventDate "1999.09.26"]
[EventType "team-tourn"]
[EventRounds "11"]
[EventCountry "HUN"]
[SourceTitle "EXT 2002"]
[Source "ChessBase"]
[SourceDate "2001.11.25"]
[SourceVersion "1"]
[SourceVersionDate "2001.11.25"]
[SourceQuality "1"]

1. d4 Nf6 2. c4 e6 3. Nc3 d5 4. cxd5 exd5 5. Bg5 Be7 6. e3 c6 7. Qc2 Be6 8. Bd3 h6 9. Bh4 Nbd7 10. Nf3 0-0 11. h3 Re8 12. 0-0 a6 13. a3 c5 14. Rad1 c4 15. Bf5 Qb6 16. Ne5 Bxf5 17. Qxf5 Qe6 18. Qxe6 fxe6 19. f4 Nxe5 20. dxe5 Ne4 21. Bxe7 Nxc3 22. bxc3 Rxe7 23. e4 dxe4 24. Rfe1 b5 25. Rxe4 Kf7 26. Rd6 Rb7 27. Red4 Ke7 28. g4 Raa7 29. f5 exf5 30. gxf5 Kf7 31. Kg2 a5 32. Kf3 b4 33. cxb4 axb4 34. axb4 Rxb4 35. Rd7+ Rxd7 36. Rxd7+ Kf8 37. Rc7 Rb3+ 38. Ke4 c3 39. Kd5 c2 40. Rxc2 Rxh3 41. Ke6 Kg8 42. Rc8+ Kh7 43. Kf7 Rf3 44. f6 gxf6 45. e6 1-0

[Event "HUN-chT3 9900"]
[Site "Hungary"]
[Date "1999.12.05"]
[Round "5"]
[White "Szobi, Tibor"]
[Black "Szabo, Laszlo5"]
[Result "1-0"]
[WhiteElo "2162"]
[BlackElo "2460"]
[PlyCount "53"]
[EventDate "1999.09.26"]
[EventType "team-tourn"]
[EventRounds "11"]
[EventCountry "HUN"]
[SourceTitle "EXT 2002"]
[Source "ChessBase"]
[SourceDate "2001.11.25"]
[SourceVersion "1"]
[SourceVersionDate "2001.11.25"]
[SourceQuality "1"]

1. e4 c5 2. Nf3 d6 3. d4 cxd4 4. Nxd4 Nf6 5. Nc3 a6 6. Be2 e5 7. Nb3 Be7 8. Be3 Be6 9. Nd5 Bxd5 10. exd5 Nbd7 11. 0-0 Rc8 12. c4 b6 13. Nd2 Qc7 14. Rc1 Qb7 15. a4 0-0 16. Bd3 g6 17. f4 b5 18. axb5 axb5 19. b3 Bd8 20. Qe2 Bb6 21. fxe5 Ng4 22. Bxb6 Qxb6+ 23. Kh1 Ndxe5 24. Be4 f5 25. h3 Ne3 26. Bf3 Nxf3 27. Rxf3 1-0

[Event "Punkosdi Cup Senior"]
[Site "Sarvar"]
[Date "1998.05.27"]
[Round "6"]
[White "Babits, Andras"]
[Black "Szobi, Tibor"]
[Result "1-0"]
[WhiteElo "2260"]
[BlackElo "2155"]
[PlyCount "105"]
[EventDate "1998.??.??"]
[EventType "tourn"]
[EventRounds "11"]
[EventCountry "HUN"]
[SourceTitle "EXT 2004"]
[Source "ChessBase"]
[SourceDate "2003.11.25"]
[SourceVersion "1"]
[SourceVersionDate "2003.11.25"]
[SourceQuality "1"]

1. e4 e5 2. Nf3 Nc6 3. Bb5 a6 4. Ba4 Nf6 5. 0-0 Be7 6. Qe2 0-0 7. Bxc6 dxc6 8. Nxe5 Re8 9. d3 Bd6 10. Nf3 Bg4 11. h3 Bh5 12. Nc3 Nd5 13. Qd1 Nxc3 14. bxc3 Qf6 15. g4 Bg6 16. Bd2 h5 17. Ne1 hxg4 18. Qxg4 Qe5 19. f4 Qh5 20. f5 Qxg4+ 21. hxg4 Bh7 22. Nf3 f6 23. Kg2 g5 24. Rh1 Kg7 25. c4 Bg8 26. Bc3 Bf4 27. a4 b6 28. Rhe1 Re7 29. Kf2 Rae8 30. Rh1 Bxc4 31. Rh3 Bg8 32. Rah1 Rd7 33. Rh6 Rd6 34. Rg6+ Kf8 35. Rh8 Kf7 36. Rhh6 Kf8 37. Bxf6 b5 38. axb5 cxb5 39. Nxg5 Bxg5 40. Rxg5 a5 41. Rh8 Kf7 42. Ba1 Ke7 43. Rgxg8 Rxg8 44. Rxg8 Rc6 45. c3 b4 46. cxb4 axb4 47. Rb8 Rc2+ 48. Ke3 c5 49. g5 Rg2 50. g6 Rg3+ 51. Kf4 Rg1 52. g7 Kf7 53. Rf8+ 1-0

[Event "Punkosdi Cup Senior"]
[Site "Sarvar"]
[Date "1998.05.25"]
[Round "4"]
[White "Tivolt, Ferenc"]
[Black "Szobi, Tibor"]
[Result "0-1"]
[WhiteElo "2160"]
[BlackElo "2155"]
[PlyCount "160"]
[EventDate "1998.??.??"]
[EventType "tourn"]
[EventRounds "11"]
[EventCountry "HUN"]
[SourceTitle "EXT 2004"]
[Source "ChessBase"]
[SourceDate "2003.11.25"]
[SourceVersion "1"]
[SourceVersionDate "2003.11.25"]
[SourceQuality "1"]

1. e4 e5 2. d4 exd4 3. Nf3 Bb4+ 4. c3 dxc3 5. bxc3 Bc5 6. Bc4 Qe7 7. 0-0 d6 8. Nbd2 Nc6 9. Nb3 Be6 10. Bb5 Bd7 11. Nxc5 dxc5 12. Be3 Nf6 13. Re1 0-0 14. e5 Nxe5 15. Nxe5 Bxb5 16. Bg5 Qd6 17. Qf3 Nd7 18. Nxd7 Qxd7 19. Re7 Qd6 20. Rd1 Qg6 21. Qe3 Bc6 22. f3 h6 23. Bh4 Rfe8 24. Bg3 c4 25. Bxc7 Rxe7 26. Qxe7 Bxf3 27. Rd8+ Rxd8 28. Qxd8+ Kh7 29. Qd2 Be4 30. Be5 Bd3 31. Bd4 a5 32. a3 b5 33. Qe3 f6 34. h3 Qf5 35. Bb6 Qf1+ 36. Kh2 Qa1 37. Bxa5 Qxa3 38. Bb4 Qa8 39. h4 Qb8+ 40. Kg1 Kg6 41. g3 Qa8 42. g4 Qa1+ 43. Kg2 Qf1+ 44. Kg3 Kh7 45. Bd6 Qh1 46. Bc5 Be4 47. Qf2 g5 48. hxg5 hxg5 49. Qh2+ Qxh2+ 50. Kxh2 Kg6 51. Kg3 Kf7 52. Bd4 Bc2 53. Bc5 Bd1 54. Bb4 Ke6 55. Ba5 Ke5 56. Bc7+ Ke4 57. Bd8 Ke5 58. Bc7+ Ke6 59. Bd8 Be2 60. Ba5 Ke5 61. Bc7+ Ke4 62. Bd8 b4 63. cxb4 Ke5 64. b5 c3 65. b6 Ba6 66. Be7 c2 67. Ba3 Ke4 68. Bc1 Kd3 69. Kf2 Bb7 70. Ke1 Bc8 71. Bb2 Ke3 72. Bc1+ Kf3 73. Kd2 Kxg4 74. Kxc2 Kf3 75. Kd3 g4 76. Bb2 f5 77. Kd4 g3 78. Ke5 g2 79. Bd4 f4 80. Bg1 Ba6 0-1